000 00736nam a2200217 a 4500
001 000002506
005 20200929150212.0
008 090702s1984 sp a 000 0 spa d
020 _a848616821X
020 _a9788486168216
040 _aDO-SdBNP
_bspa
_cBNPHU
082 _axxxx
_bL514i
245 0 3 _aLa legibilidad. Investigaciones actuales /
_cdirigida por Francois Richaudeau ; traducción Fernando Jiménez.
260 _aMadrid :
_bFundación German Sánchez Ruipérez,
_c1984.
300 _a212 p. :
_bil. ;
_c21 cm.
490 1 _aBiblioteca del Libro
504 _aBibliografía : p. 211-212
700 1 _aRichaudeau, Francois,
_edir.
_97885
700 1 _aJiménez, Fernando,
_etr.
_97886
830 0 _aBiblioteca del libro
_97397
999 _c2342
_d2342